<?xml version="1.0" encoding="UTF-8"?>
<record
    xmlns:xsi="http://www.w3.org/2001/XMLSchema-instance"
    xsi:schemaLocation="http://www.loc.gov/MARC21/slim http://www.loc.gov/standards/marcxml/schema/MARC21slim.xsd"
    xmlns="http://www.loc.gov/MARC21/slim">

  <leader>03162nam a2200301 a 4500</leader>
  <controlfield tag="001">000003364</controlfield>
  <controlfield tag="003">OSt</controlfield>
  <controlfield tag="005">20230718135721.0</controlfield>
  <controlfield tag="008">090708s2008  dr c  001 0 spa d</controlfield>
  <datafield tag="020" ind1=" " ind2=" ">
    <subfield code="a">9789945162677</subfield>
  </datafield>
  <datafield tag="040" ind1=" " ind2=" ">
    <subfield code="a">DO-SdBNP</subfield>
    <subfield code="b">spa</subfield>
    <subfield code="c">BPMSU</subfield>
  </datafield>
  <datafield tag="082" ind1=" " ind2="4">
    <subfield code="a">972.9304</subfield>
    <subfield code="b">B742M 2008</subfield>
    <subfield code="2">22</subfield>
  </datafield>
  <datafield tag="100" ind1="1" ind2=" ">
    <subfield code="a">M&#xE9;ndez Jimini&#xE1;n, Jes&#xFA;s</subfield>
  </datafield>
  <datafield tag="245" ind1="1" ind2="3">
    <subfield code="a">La guerra de la restauraci&#xF3;n de Juan Bosch /</subfield>
    <subfield code="c">Jes&#xFA;s M&#xE9;ndez Jimini&#xE1;n.</subfield>
  </datafield>
  <datafield tag="260" ind1=" " ind2=" ">
    <subfield code="a">Santo Domingo :</subfield>
    <subfield code="b">Editora B&#xFA;ho,</subfield>
    <subfield code="c">2008.</subfield>
  </datafield>
  <datafield tag="300" ind1=" " ind2=" ">
    <subfield code="a">135 p. :</subfield>
    <subfield code="b">ils., retr. ;</subfield>
    <subfield code="c">24 cm.</subfield>
  </datafield>
  <datafield tag="500" ind1=" " ind2=" ">
    <subfield code="a">"Homenaje al profesor Juan Bosch en el centenario de su natalicio y a los 25 restauradores hechos prisioneros, y que fueron fusilados en la isla de Vieques, Puerto Rico, entre diciembre de 1864 y marzo de 1865".</subfield>
  </datafield>
  <datafield tag="500" ind1=" " ind2=" ">
    <subfield code="a">Incluye referencias bibliogr&#xE1;ficas y notas al pie de las p&#xE1;ginas.</subfield>
  </datafield>
  <datafield tag="500" ind1=" " ind2=" ">
    <subfield code="a"> </subfield>
  </datafield>
  <datafield tag="504" ind1=" " ind2=" ">
    <subfield code="a">Bibliograf&#xED;a : p: 133-135.</subfield>
  </datafield>
  <datafield tag="505" ind1="0" ind2=" ">
    <subfield code="g">Pr&#xF3;logo --</subfield>
    <subfield code="t">La Guerra de la Restauraci&#xF3;n de Juan Bosch --</subfield>
    <subfield code="t">La revoluci&#xF3;n de julio de 1857 o de los comerciantes del Cibao --</subfield>
    <subfield code="t">La rivalidad entre Santana y B&#xE1;ez --</subfield>
    <subfield code="t">Los primeros pasos de Santana para lograr la anexi&#xF3;n --</subfield>
    <subfield code="t">Los primeros levantamientos armados contra la anexi&#xF3;n --</subfield>
    <subfield code="t">Otras oposiciones de la anexi&#xF3;n --</subfield>
    <subfield code="t">La renuncia de Santana --</subfield>
    <subfield code="t">La crisis nos arropa a todos --</subfield>
    <subfield code="t">El levantamiento de Santiago --</subfield>
    <subfield code="t">El alcalde de Sabaneta se va a Hait&#xED; a pedir ayuda para luchar contra la anexi&#xF3;n --</subfield>
    <subfield code="t">Los primeros disparos de la Guerra Restauradora --</subfield>
    <subfield code="t">Los movimientos de antesala --</subfield>
    <subfield code="t">Los primeros disparos --</subfield>
    <subfield code="t">La Restauraci&#xF3;n : una verdadera guerra de liberaci&#xF3;n nacional y social como dice Bosch --</subfield>
    <subfield code="t">Ceferina Chav&#xE9;s : la salvaci&#xF3;n de Buceta --</subfield>
    <subfield code="t">El incendio de Santiago de los Caballeros --</subfield>
    <subfield code="t">Santiago arde por las cuatro esquinas --</subfield>
    <subfield code="t">El comercio de Santiago (1863) y otros datos --</subfield>
    <subfield code="t">El retiro de las tropas de Santiago --</subfield>
    <subfield code="t">El Acta de Independencia de 1863 o Acta de Restauraci&#xF3;n de la Rep&#xFA;blica --</subfield>
    <subfield code="t">Gaspar Polanco: el gran jefe militar restaurador --</subfield>
    <subfield code="t">El car&#xE1;cter popular de la Guerra de Restauraci&#xF3;n --</subfield>
    <subfield code="t">Santana condenado a muerte --</subfield>
    <subfield code="t">&#xBF;C&#xF3;mo vest&#xED;an los soldados restauradores ? --</subfield>
    <subfield code="t">&#xBF;Qu&#xE9; com&#xED;an? --</subfield>
    <subfield code="t">La Guerra Restauradora en el este y en el sur --</subfield>
    <subfield code="t">Santana entra en conflictos con las autoridades espa&#xF1;olas y hasta con un subalterno --</subfield>
    <subfield code="t">La muerte de Santana y su importancia pol&#xED;tica --</subfield>
    <subfield code="t">Las negociaciones para un acuerdo de paz --</subfield>
    <subfield code="t">El costo econ&#xF3;mico, social y pol&#xED;tico de la Guerra Restauradora --</subfield>
    <subfield code="t">La poblaci&#xF3;n del pa&#xED;s --</subfield>
    <subfield code="t">Sobre la producci&#xF3;n del pa&#xED;s --</subfield>
    <subfield code="t">La situaci&#xF3;n pol&#xED;tica del pa&#xED;s con la anexi&#xF3;n --</subfield>
    <subfield code="t">Lo humillante de la derrota para Espa&#xF1;a --</subfield>
    <subfield code="t">Sobre los prisioneros de la Guerra de la Restauraci&#xF3;n --</subfield>
    <subfield code="t">La acciones de Capote y Pulgar&#xED;n --</subfield>
    <subfield code="t">Lista de prisioneros de guerra dominicanos que murieron en el fort&#xED;n Conde de Mirasol de Vieques, Puerto Rico (1864-1865) --</subfield>
    <subfield code="t">Anexos --</subfield>
    <subfield code="t">Bibliograf&#xED;a consultada.</subfield>
  </datafield>
  <datafield tag="590" ind1=" " ind2=" ">
    <subfield code="6">Inventariado, 2023/VM</subfield>
  </datafield>
  <datafield tag="600" ind1="1" ind2="4">
    <subfield code="a"> Bosch, Juan, </subfield>
    <subfield code="d">1909-2001</subfield>
    <subfield code="x">Cr&#xED;tica e interpretaci&#xF3;n </subfield>
  </datafield>
  <datafield tag="651" ind1=" " ind2="4">
    <subfield code="a">Rep&#xFA;blica Dominicana</subfield>
    <subfield code="x">Historia</subfield>
    <subfield code="y">Restauraci&#xF3;n 1863-1865</subfield>
  </datafield>
  <datafield tag="651" ind1=" " ind2="4">
    <subfield code="a">Rep&#xFA;blica Dominicana </subfield>
    <subfield code="x">Pol&#xED;tica y gobierno </subfield>
  </datafield>
  <datafield tag="910" ind1=" " ind2=" ">
    <subfield code="a">VMateo V. Control de calidad. BPMSU</subfield>
  </datafield>
  <datafield tag="942" ind1=" " ind2=" ">
    <subfield code="2">ddc</subfield>
    <subfield code="c">BK</subfield>
  </datafield>
  <datafield tag="952" ind1=" " ind2=" ">
    <subfield code="0">0</subfield>
    <subfield code="1">0</subfield>
    <subfield code="2">ddc</subfield>
    <subfield code="4">0</subfield>
    <subfield code="7">0</subfield>
    <subfield code="8">CD</subfield>
    <subfield code="a">BPMET</subfield>
    <subfield code="b">BPMET</subfield>
    <subfield code="d">2023-07-18</subfield>
    <subfield code="l">0</subfield>
    <subfield code="o">BPMSU CD 972.9304 B742M 2008</subfield>
    <subfield code="p">BPMSU23070041</subfield>
    <subfield code="r">2023-07-18</subfield>
    <subfield code="w">2023-07-18</subfield>
    <subfield code="y">BK</subfield>
  </datafield>
  <datafield tag="999" ind1=" " ind2=" ">
    <subfield code="c">14429</subfield>
    <subfield code="d">14429</subfield>
  </datafield>
</record>
